El evangelio según Juan /
Guardat en:
| Autor principal: | |
|---|---|
| Format: | Llibre |
| Idioma: | espanyol |
| Publicat: |
Bilbao, España :
El Mensajero,
fecha no identificada
|
| Matèries: | |
| Etiquetes: |
Sense etiquetes, Sigues el primer a etiquetar aquest registre!
|
MARC
| LEADER | 00000nam^a2200000^a^4500 | ||
|---|---|---|---|
| 001 | 000561581 | ||
| 005 | 20250521000000.0 | ||
| 009 | 20260310131926.69 | ||
| 037 | |a Acervo Xavier Clavigero | ||
| 041 | |a ESP | ||
| 082 | |a 226. 506 |b IGL | ||
| 100 | |a Iglesias, Eduardo |e (autor) | ||
| 245 | 1 | 3 | |a El evangelio según Juan / |c E. Iglesias. |
| 264 | 4 | |a Bilbao, España : |b El Mensajero, |c fecha no identificada | |
| 300 | |a 3 v. (402, 320, 264 p.) | ||
| 336 | |a texto |b txt |2 rdacontenido | ||
| 337 | |a sin mediación |b n |2 rdamedio | ||
| 338 | |a volumen |b nc |2 rdasoporte | ||
| 649 | |a XX | ||
| 650 | |a Biblia - |x Nuevo Testamento - |x Evangelios - |x Juan - |x Historia y Crítica - |x Tema Principal | ||
| 650 | |a Biblia - |x Nuevo Testamento - |x Teología | ||
| 650 | |a Libros Sagrados - |x Historia y Crítica | ||
| 650 | |a Cristología | ||
| 650 | |a Teología | ||
| 650 | |a Cristianismo | ||
| 650 | |a Religión | ||
| 910 | |a Fondo General | ||
| 920 | |a Impresos - Libros | ||
| 930 | |a Colección General | ||
| 905 | |a 101 | ||
| 901 | |a 002805 |b IT1 |c ACC |i 02805 |u 20250521 | ||
| 901 | |a 0500392800 |b IT1 |c ACC |u 20250521 | ||
| 901 | |a 002806 |b IT1 |c ACC |i 002806 |u 20250521 | ||
| 901 | |a 002807 |b IT1 |c ACC |i 002807 |u 20250521 | ||
| 901 | |a 002808 |b IT1 |c ACC |i 02808 |u 20250521 | ||
| 902 | |a https://opac.biblio.iteso.mx/vufind/Record/000561581 | ||